000 00617nam a2200181Ia 4500
003 GCL
008 140319s9999 xx 000 0 ara d
040 _aGCL /
_cGCL
082 0 4 _a340.3
_bس ك
100 1 _aسمير الششتاوى
245 1 0 _aكيف تكتب بحثا فى القانون , المراحل التى يمر بها اعداد البحث القانونى /
_cسمير الششتاوى
260 _a[S.N] :
_bلجنة الاعلام والدراسات المستقبلية
300 _a132 ص
490 _a
650 0 4 _aالقانون
650 0 4 _aمناهج البحث
942 _2ddc
_cBK
999 _c32794
_d32794